21 savage songs by the emojis - Statistics

General Stats
  • This quiz has been taken 196 times
  • The average score is 2 of 5
Answer Stats
Hint Answer % Correct
❌❤️ no heart
87%
🗡️🗣️ knife talk
79%
🪦💌 rip luv
28%
🙅‍♂️🏃‍♂️‍➡️🏡 don't come out the house
18%
🌊🚗 ocean drive
18%
No matching quizzes found
Score Distribution
Percent of People with Each Score
Percentile by Number Answered
Your Score History
You have not taken this quiz